000 00707nam a2200241 i 4500
001 bg
100 1 _aSZYPULSKA, Maria
245 1 0 _aZasady pracy z arkuszem kalkulacyjnym /
_cMaria Szypulska ; [Wyższa Szkoła Morska, Gdynia].
250 _aWyd. 2.
260 _aGdynia :
_bDział Wydawnictw WSM,
_c2000.
300 _a174 s. :
_bil. ;
_c25 cm.
504 _aBibliogr. - Indeks.
650 9 _aArkusze kalkulacyjne
655 _aPodręczniki akademickie
710 0 _aWyższa Szkoła Morska (Gdynia)
020 _a8386703091
_z83-86703-09-01
040 _cBPK
041 0 _apl
080 _a004.4(075.8)
920 _a83-86703-09-1
942 _cKS
008 s pl f |000 0 pol
999 _c39218
_d39218
856 _uhttp://koha.tu.koszalin.pl/cgi-bin/koha/opac-detail.pl?biblionumber=39218
_yKatalog online BPK